De la Marina de antaño (Record no. 95427)

MARC details
000 -LEADER
campo de control de longitud fija 00633nam a2200181 i 4500
001 - NÚMERO DE CONTROL
campo de control 95427
003 - IDENTIFICADOR DE NÚMERO DE CONTROL
campo de control ES-MaACL
005 - FECHA Y HORA DE LA ÚLTIMA TRANSACCIÓN
campo de control 20230906181713.0
007 - CAMPO FIJO DE DESCRIPCIÓN FÍSICA--INFORMACIÓN GENERAL
campo de control de longitud fija t|
008 - DATOS DE LONGITUD FIJA--INFORMACIÓN GENERAL
campo de control de longitud fija 050530m19551968sp ||||1| spa d
100 1# - ENTRADA PRINCIPAL--NOMBRE DE PERSONA
Nombre de persona Llabrés Bernal, Juan.
9 (RLIN) 72635
245 10 - MENCIÓN DEL TÍTULO
Título De la Marina de antaño
Resto del título : notas para la historia de Menorca (1769-1905) /
Mención de responsabilidad, etc. articulos publicados en la prensa por Juan Llabrés.
260 ## - PUBLICACIÓN, DISTRIBUCIÓN, ETC.
Lugar de publicación, distribución, etc. Palma de Mallorca :
Nombre del editor, distribuidor, etc. [s.n.],
Fecha de publicación, distribución, etc. 1955-68 (
Fabricante Imp. Soler)
300 ## - DESCRIPCIÓN FÍSICA
Extensión 2 v. ;
Dimensiones 24 cm.
505 8# - NOTA DE CONTENIDO CON FORMATO
Nota de contenido con formato Contiene: 1. (1769-1905) 2. (siglos XVIII y XIX)
651 #4 - PUNTO DE ACCESO ADICIONAL DE MATERIA--NOMBRE GEOGRÁFICO
Nombre geográfico Menorca-
Subdivisión general Historia.
9 (RLIN) 137257
852 ## - LOCALIZACIÓN
Ubicación ES-MaACL
Número de control de estantería E-4031-32
Holdings
Estatus retirado Estado de pérdida Estado de daño No para préstamo Biblioteca de origen Biblioteca actual Ubicación en estantería Fecha de adquisición Fuente de adquisición Total de préstamos Signatura topográfica completa Código de barras Visto por última vez Precio de reemplazo Tipo de ítem Koha
        Biblioteca del Ateneo de Madrid Biblioteca del Ateneo de Madrid Depósito 2 17/01/2008     E-4031-32 1099646 23/02/2023 23/02/2023 Libro impreso